000 01775njm a2200385 c 4500
003 BLK
005 20180421002748.0
008 180410b bul||n||s|||||||| n|bulo|
010 _aCDD00008661000
040 _aBLK
041 _aBUL
_cBUL
072 7 _2bullib
_aФ0602
_xДокументални филми Ф
080 _aОбявяване на независимостта на България. Период на Балканските войни (1908-1914)
_b94(497.2)"1908/1914"
_x(086.8)
_z94(497.2)"1908/1914"(086.8)
080 _aВоенна история - Военни походи, битки, героични подвизи. Вж и 93/99
_b355.48
_x(497.2)"19"(086.8)
_z355.48(497.2)"19"(086.8)
100 1 _aБелчев, Петрослав
_eпърви автор
_9355633
139 _aБелчев, Петрослав
_bБ 36
245 1 0 _aС нами Бог [видео CD]
_bЧасът на Одрин
_cПетрослав Белчев.
257 _aBGR
260 София
_bФонд Науч. изследвания
_c2013
300 _a(703 MB)(14 мин.44 сек.)
_c12 см
306 _bф
380 _a9
500 _aДигитално изд. - Прил. към кн. Войните 1912 - 1918 : Днешен поглед и интерпретации със сигн. 271507.
650 4 _aБалканска война, 1912 - 1913 г.
_9251383
651 4 _aБългария
_9241624
653 _aБалканска война
653 _aвоенна история
653 _aбългарска история
659 _aФ
852 _aЦб CD 3859
_p0
856 4 _qpdf
_u
856 4 _qpdf
_u
942 _cCDD
_n0
944 _aCR
_c14.11.2014
_kЛюдмила_Стоянова
944 _aED
_c11.11.2015
_kВиолета_Тройчева
999 _c227703
_d227703